000 00340nam a2200109Ia 4500
008 171211s9999 xx 000 0 und d
245 _aTricot pour Fido: Des modèles adaptables selon la taille de votre chien
245 _cDebbie Humphreys
260 _c2016
650 _xANIMALS
856 _uhttp://down.ebook777.com/054/9782895239758.pdf
999 _c348455
_d348455